স্মৃতি সত্তা ভবিষ্যৎ বরেণ্য নাট্যজনদের কর্ম-পর্যালোচনা / (Record no. 2450)

MARC details
000 -LEADER
fixed length control field 01144nam a2200241 a 4500
003 - CONTROL NUMBER IDENTIFIER
control field BD-DhJNU
005 - DATE AND TIME OF LATEST TRANSACTION
control field 20251221071051.0
008 - FIXED-LENGTH DATA ELEMENTS--GENERAL INFORMATION
fixed length control field 251108s2023 bg |||g |||| 000 1|ben|d
020 ## - INTERNATIONAL STANDARD BOOK NUMBER
International Standard Book Number 9789843546197
040 ## - CATALOGING SOURCE
Original cataloging agency BD-DhJNU
Language of cataloging ben
Transcribing agency BD-DhJNU
Modifying agency BD-DhJNU
041 ## - LANGUAGE CODE
Language code of text/sound track or separate title ben
082 ## - DEWEY DECIMAL CLASSIFICATION NUMBER
Classification number 891.44209 SMR
Edition number 23
245 10 - TITLE STATEMENT
Title স্মৃতি সত্তা ভবিষ্যৎ বরেণ্য নাট্যজনদের কর্ম-পর্যালোচনা /
Statement of responsibility, etc. সেলিম মোজাহার (সম্পাদনা)
246 ## - VARYING FORM OF TITLE
Title proper/short title Smriti Sotta Bhabishyat
250 ## - EDITION STATEMENT
Edition statement 1st ed.
260 ## - PUBLICATION, DISTRIBUTION, ETC.
Place of publication, distribution, etc. ঢাকা :
Name of publisher, distributor, etc. বাংলাদেশ শিল্পকলা একাডেমী,
Date of publication, distribution, etc. 2023.
300 ## - PHYSICAL DESCRIPTION
Extent ২১৪ পৃ. :
Other physical details চিত্র ;
Dimensions ২১ সেমি.।
504 ## - BIBLIOGRAPHY, ETC. NOTE
Bibliography, etc. note গ্রন্থপঞ্জিগত নির্দেশিকা ও নিঘন্ট অন্তভূক্ত
650 ## - SUBJECT ADDED ENTRY--TOPICAL TERM
Topical term or geographic name entry element বাংলা নাট্যসমালোচনা
650 ## - SUBJECT ADDED ENTRY--TOPICAL TERM
Topical term or geographic name entry element Bengali theatre criticism
700 a# - ADDED ENTRY--PERSONAL NAME
Personal name মোজাহার , সেলিম
Relator term সম্পাদনা
942 ## - ADDED ENTRY ELEMENTS (KOHA)
Koha item type Books
Holdings
Withdrawn status Lost status Source of classification or shelving scheme Damaged status Not for loan Collection Home library Current library Shelving location Date acquired Source of acquisition Total checkouts Full call number Barcode Date last seen Copy number Price effective from Koha item type
    Dewey Decimal Classification     Non-fiction Jagannath University Central Library Jagannath University Central Library General stacks 12/21/2025 Purchased   891.44209 SMR JNUCL36384 12/21/2025 1 12/21/2025 Books
    Dewey Decimal Classification     Non-fiction Jagannath University Central Library Jagannath University Central Library General stacks 12/21/2025 Purchased   891.44209 SMR JNUCL36385 12/21/2025 2 12/21/2025 Books
    Dewey Decimal Classification     Non-fiction Jagannath University Central Library Jagannath University Central Library General stacks 12/21/2025 Purchased   891.44209 SMR JNUCL36386 12/21/2025 3 12/21/2025 Books